000 00329nam a2200121Ia 4500
008 190216s9999||||xx |||||||||||||| ||und||
100 _aRoy M K & Ghosh Dastidar
245 0 _aCobol Programming
260 _bTata Mcgrawhill Publishers
_c1989
300 _a465p
650 _a"Computer Programming. Programs, Data"
942 _cBK
999 _c8703
_d8703